LIBRARY & INFORMATION CENTRE, KCAET, TAVANUR

ONLINE PUBLIC ACCESS CATALOGUE (OPAC)

Straw manual: A practical guide to cost effective straw utilisation and disposal / (Record no. 6773)

MARC details
000 -LEADER
fixed length control field 00447cam a2200157ua 4500
041 ## - LANGUAGE CODE
Language code of text/sound track or separate title eng
082 ## - DEWEY DECIMAL CLASSIFICATION NUMBER
Classification number 028.72631
Item number BIL/ST
100 ## - MAIN ENTRY--AUTHOR NAME
Personal name Bill, Butterworth .
245 ## - TITLE STATEMENT
Title Straw manual: A practical guide to cost effective straw utilisation and disposal /
250 ## - EDITION STATEMENT
Edition statement 1 /
260 ## - PUBLICATION, DISTRIBUTION, ETC. (IMPRINT)
Place of publication london :
Name of publisher E&FN spon Ltd ,
Year of publication 1985.
300 ## - PHYSICAL DESCRIPTION
Number of Pages 212 ; .
942 ## - ADDED ENTRY ELEMENTS (KOHA)
Koha item type Books
Holdings
Withdrawn status Lost status Damaged status Home library Current library Date acquired Full call number Accession Number Koha item type
      KAUAET KAUAET 10/09/1986 028.72631 15754 Reference
free website counter